书目信息 |
| 题名: |
基础复调语言建构与应用教程
|
|
| 作者: | 马铁英 著 | |
| 分册: | ||
| 出版信息: | 上海 上海音乐出版社 2016.08 |
|
| 页数: | 139页 | |
| 开本: | 24cm | |
| 丛书名: | ||
| 单 册: | ||
| 中图分类: | J614.2 | |
| 科图分类: | ||
| 主题词: | 复调--教材 | |
| 电子资源: | ||
| ISBN: | 978-7-5523-1143-3 | |
| 000 | 01052nam0 2200265 450 | |
| 001 | 0120162006428 | |
| 005 | 20201019091621.03 | |
| 010 | @a978-7-5523-1143-3@dCNY68.00(含光盘) | |
| 100 | @a20161101d2016 em y0chiy50 ea | |
| 101 | 0 | @achi |
| 102 | @aCN@b310000 | |
| 105 | @aag z 000yy | |
| 106 | @ar | |
| 200 | 1 | @a基础复调语言建构与应用教程@9ji chu fu diao yu yan jian gou yu ying yong jiao cheng@f马铁英著 |
| 210 | @a上海@c上海音乐出版社@d2016.08 | |
| 215 | @a139页@c图@d24cm@e1光盘@e1手册(74页) | |
| 307 | @a附光盘:ISBN 978-7-88889-249-1 ISRC CN-R12-16-00418 | |
| 307 | @a附《基础复调语言建构与应用教程课后任务习题写作参考》 | |
| 330 | @a本教材增加复调音乐鉴赏技能的群体,提供了对此类音乐中复调语言,鉴赏的基础性入门知识。课程的教学设计,以五个能力任务为训练框架,课程教学每讲两课时。内容包括:学习复调音乐语言的基础、二声部对比复调等。 | |
| 333 | @a音乐学习者及爱好者 | |
| 606 | 0 | @a复调@j教材 |
| 690 | @aJ614.2@v5 | |
| 701 | 0 | @a马铁英@9ma tie ying@4著 |
| 801 | 0 | @aCN@b人天书店@c20161101 |
| 905 | @b1286165-68@dJ614.2@e1082@f4 | |
| 基础复调语言建构与应用教程/马铁英著.-上海:上海音乐出版社,2016.08 |
| 139页:图;24cm+1光盘+1手册(74页) |
| 使用对象:音乐学习者及爱好者 |
| ISBN 978-7-5523-1143-3:CNY68.00(含光盘) |
| 本教材增加复调音乐鉴赏技能的群体,提供了对此类音乐中复调语言,鉴赏的基础性入门知识。课程的教学设计,以五个能力任务为训练框架,课程教学每讲两课时。内容包括:学习复调音乐语言的基础、二声部对比复调等。 |
| ● |
| 相关链接 |
|
|
|
|
正题名:基础复调语言建构与应用教程
索取号:J614.2/1082
 
预约/预借
| 序号 | 登录号 | 条形码 | 馆藏地/架位号 | 状态 | 备注 |
| 1 | 1286165 | 212861651 | 第一样本阅览室/ [索取号:J614.2/1082] | 在馆 | |
| 2 | 1286166 | 212861660 | 第一借阅区/ [索取号:J614.2/1082] | 在馆 | |
| 3 | 1286167 | 212861679 | 第一借阅区/ [索取号:J614.2/1082] | 在馆 | |
| 4 | 1286168 | 212861688 | 第一借阅区/ [索取号:J614.2/1082] | 在馆 |